| 000 | 00853nam a2200289 a 4500 | ||
|---|---|---|---|
| 001 | 22560 | ||
| 003 | SK-KTurca | ||
| 005 | 20260401103104.0 | ||
| 008 | 991213s1999 xo 000 1 slo c | ||
| 020 | _a807118795X (viaz.) | ||
| 035 | _aUKB000249976 | ||
| 040 |
_aBAA001 _bslo _cBAA001 _eAACR2 |
||
| 041 | 1 |
_aslo _heng |
|
| 044 |
_axo _cSK |
||
| 080 | _a820(73)-31 | ||
| 100 | 1 |
_aLindsey, Johanna, _d1952-2017 |
|
| 245 | 0 | 0 |
_aNežné nepriateľstvo _cJohanna Lindseyová ; [z angl. orig. prel. Tatiana Ruppeldtová] |
| 250 | _a2. vyd | ||
| 260 |
_aBratislava _bIkar _c1999 |
||
| 300 | _a205, [1] s | ||
| 650 | 0 | 7 |
_aliteratúra americká _xromány ľúbostné |
| 650 | 0 | 7 | _aromány ľúbostné americké |
| 653 | _a820(73)-31 | ||
| 700 | 1 |
_aRuppeldtová, Tatiana _4trl |
|
| 765 | 0 |
_tA gentle feuding _aLindsey, Johanna |
|
| 942 |
_2ddc _cKLDO _n0 |
||
| 999 |
_c22560 _d22560 |
||